| 000 | 00789nam a22002415a 4500 | ||
|---|---|---|---|
| 008 | 161220s2015 ii a|||fr|||| 000 0 eng d | ||
| 020 | _a9789333201476 | ||
| 020 | _a9333201475 | ||
| 040 |
_aEG-ScBUE _beng _cEG-ScBUE |
||
| 082 | 0 | 4 |
_222 _a621.382 _bGOD |
| 100 | 1 |
_938238 _aGodse, Atul P. |
|
| 245 |
_aAnalog communication systems / _cAtul P. Godse, Udy A. Bakshi and J.S.Chitode |
||
| 260 |
_aPune, India : _bTechnical Publications, _c2015. |
||
| 300 |
_a1 v. (various pagings) : _bill. ; _c22 cm. |
||
| 590 | _aWessam | ||
| 650 | 7 |
_2BUEsh _91259 _aTelecommunication systems. |
|
| 650 | 7 |
_91260 _a Digital communications. |
|
| 651 | _2BUEsh | ||
| 653 |
_bENGELC _cDecember2016 |
||
| 700 | 1 |
_912771 _aBakshi, Uday A. |
|
| 700 | 1 |
_941730 _aChitode, J.S. |
|
| 942 |
_2ddc _e22 _k621.382 GOD |
||
| 999 |
_c23656 _d23628 |
||